La era del acceso (Record no. 46523)
[ view plain ]
| 000 -LEADER | |
|---|---|
| fixed length control field | 01020nam a22002657a 4500 |
| 005 - DATE AND TIME OF LATEST TRANSACTION | |
| control field | 20230330143201.0 |
| 008 - FIXED-LENGTH DATA ELEMENTS--GENERAL INFORMATION | |
| fixed length control field | 220530t2002 sp gr||||000| 0 spa|d |
| 020 ## - INTERNATIONAL STANDARD BOOK NUMBER | |
| International Standard Book Number | 8449309417 |
| 050 04 - LIBRARY OF CONGRESS CALL NUMBER | |
| Classification number | HF5548.32 |
| Item number | R54 2002 |
| 100 1# - MAIN ENTRY--PERSONAL NAME | |
| Personal name | Rifkin, Jeremy |
| 240 14 - UNIFORM TITLE | |
| Uniform title | The age of access. |
| Language of a work | Español |
| 245 13 - TITLE STATEMENT | |
| Title | La era del acceso |
| Remainder of title | : la revolución de la nueva economía |
| Statement of responsibility, etc | / Jeremy Rifkin ; [traducción J. Francisco Álvarez, David Teira]. |
| 250 ## - EDITION STATEMENT | |
| Edition statement | 1a ed. |
| 260 ## - PUBLICATION, DISTRIBUTION, ETC. (IMPRINT) | |
| Place of publication, distribution, etc | Barcelona : |
| Name of publisher, distributor, etc | Paidós, |
| Date of publication, distribution, etc | 2002 |
| 300 ## - PHYSICAL DESCRIPTION | |
| Extent | 366 p. ; |
| Dimensions | 24 cm. |
| 490 0# - SERIES STATEMENT | |
| Series statement | Paidos estado y sociedad ; |
| Volume number/sequential designation | no. 83 |
| 500 ## - GENERAL NOTE | |
| General note | Traducción de : The age of access |
| 504 ## - BIBLIOGRAPHY, ETC. NOTE | |
| Linkage | Incluye bibliografía e índice |
| 650 #4 - SUBJECT ADDED ENTRY--TOPICAL TERM | |
| Topical term or geographic name as entry element | Comercio |
| General subdivision | Comercio electrónico |
| Form subdivision | Procesamiento de datos |
| 650 #4 - SUBJECT ADDED ENTRY--TOPICAL TERM | |
| Topical term or geographic name as entry element | Negocios |
| General subdivision | Comercio electrónico |
| -- | Intercambio electrónico de datos |
| 650 #4 - SUBJECT ADDED ENTRY--TOPICAL TERM | |
| Topical term or geographic name as entry element | Empresas |
| General subdivision | Internet |
| Form subdivision | Recursos en redes de computación |
| 700 1# - ADDED ENTRY--PERSONAL NAME | |
| Personal name | Álvarez, J. Francisco, |
| Relator term | traductor |
| 700 1# - ADDED ENTRY--PERSONAL NAME | |
| Personal name | Teira, David, |
| Relator term | traductor |
| 942 ## - ADDED ENTRY ELEMENTS (KOHA) | |
| Source of classification or shelving scheme | Biblioteca del Cogreso de los Estados Unidos |
| Koha item type | Libro |
No items available.